Acentúa la acentuación con acentos.
Պահպանված է:
| Հիմնական հեղինակ: | |
|---|---|
| Ձևաչափ: | Գիրք |
| Լեզու: | իսպաներեն |
| Հրապարակվել է: |
Valparaíso, Chile:
Ediciones Universitarias de Valparaíso,
2014.
|
| Հրատարակություն: | Segunda edición corregida y aumentada. |
| Խորագրեր: | |
| Ցուցիչներ: |
Ավելացրեք ցուցիչ
Չկան պիտակներ, Եղեք առաջինը, ով նշում է այս գրառումը!
|
MARC
| LEADER | 00000cam a2200000 a 4500 | ||
|---|---|---|---|
| 001 | UCD1217 | ||
| 003 | CL-VaPUC | ||
| 005 | 20240916103444.0 | ||
| 008 | 160114e20140000cl |||||||||||||||||spa|d | ||
| 999 | |c 362606 |d 362604 | ||
| 020 | |a 9789561705883 | ||
| 040 | |c Pontificia Universidad Católica de Valparaíso | ||
| 082 | 0 | 4 | |a 372.63 DIA 2014 |2 21 |
| 100 | 0 | |a Díaz Arancibia, Luis Alberto |e autor |9 584307 | |
| 245 | 1 | 0 | |a Acentúa la acentuación con acentos. |
| 250 | |a Segunda edición corregida y aumentada. | ||
| 260 | |a Valparaíso, Chile: |b Ediciones Universitarias de Valparaíso, |c 2014. | ||
| 300 | |a 86 páginas. | ||
| 583 | |a last modification |c 20170830 11:46:26 |k Rodrigo Vera | ||
| 650 | 0 | |a Acentuación |9 389778 |x Métodos de enseñanza | |
| 650 | 0 | |a Ortografía |9 309144 |x Métodos de enseñanza | |
| 942 | |c BK |2 ddc | ||
| 945 | |d 20160114 01:07:00 |a arojas | ||
| 952 | |0 0 |1 0 |3 erb |4 0 |6 372_630000000000000_DIA_2014 |7 0 |8 A |9 473965 |a BIBEDU |b BIBEDU |c ES_NOD |i 5261120 |o 372.63 DIA 2014 |p 5261120 |r 2023-08-09 |w 2019-11-24 |y BK |z Catalogado en:20160114 |k LIT | ||
| 952 | |0 0 |1 0 |3 erb |4 0 |6 372_630000000000000_DIA_2014 |7 0 |8 A |9 473966 |a BIBEDU |b BIBEDU |c ES_NOD |i 5261139 |o 372.63 DIA 2014 |p 5261139 |r 2023-08-09 |w 2019-11-24 |y BK |z Catalogado en:20160114 |k LIT | ||
| 952 | |0 0 |1 0 |3 erb |4 0 |6 372_630000000000000_DIA_2014 |7 0 |8 A |9 473967 |a BIBEDU |b BIBEDU |c ES_NOD |i 5261147 |o 372.63 DIA 2014 |p 5261147 |r 2023-08-09 |w 2019-11-24 |y BK |z Catalogado en:20160114 |k LIT | ||
| 952 | |0 0 |1 0 |2 ddc |4 0 |6 372_630000000000000_DIA_2014 |7 0 |8 A |9 596773 |a BIBGIM |b BIBGIM |d 2024-09-16 |i 5662724 |o 372.63 DIA 2014 |p 5662724 |r 2025-01-15 |t 4 |w 2024-09-16 |y BK |k ELE | ||